000 00599nam a2200241 a 4500
001 nice12345678
003 IN_TiNIC
005 20260116014341.0
008 131113s2010 newa grp 000 0 eng
020 _a9788131308899
_c1495
082 0 0 _a333.3
_bPIL
100 _aPillai, K Raman
245 _aLand Reforms
260 _aNew Delhi
_bA.P.H. Publishing Corporation
_c2010
300 _a327p
500 _aincludes index and biblioraphy
505 2 _aAppendices
650 _aLand Reforms-India
700 1 _aPillai, K Raman
902 _bSRS
942 _cBK
999 _c14936
_d14936